100 Biggest Cities of Austria on a Map - Statistics

General Stats
  • This quiz has been taken 882 times
  • The average score is 32 of 100
Answers on the Map
Answers color-coded by a green-red scale on the quiz's map according to % correct below.
 
Answer Stats
Population City % Correct
2,005,760 Vienna [Wien]
99%
15,750 Bruck an der Mur
97%
157,399 Salzburg
97%
132,188 Innsbruck
96%
302,749 Graz
95%
211,944 Linz
95%
104,866 Klagenfurt am Wörthersee
83%
65,600 Villach
74%
58,856 Sankt Pölten
70%
48,517 Wiener Neustadt
69%
29,643 Bregenz
67%
65,287 Wels
62%
51,876 Dornbirn
60%
36,384 Feldkirch
55%
12,039 Lienz
51%
38,034 Steyr
50%
16,037 Eisenstadt
49%
17,628 Braunau am Inn
47%
25,363 Krems an der Donau
45%
25,084 Wolfsberg
45%
24,605 Leoben
44%
20,169 Kufstein
43%
25,923 Baden
42%
14,755 Hall in Tirol
42%
23,899 Amstetten
38%
15,139 Bludenz
38%
10,290 Zell am See
38%
20,580 Mödling
35%
21,540 Hallein
34%
28,115 Klosterneuburg
34%
21,227 Schwechat
34%
15,269 Spittal an der Drau
34%
24,223 Lustenau
33%
13,254 Gmunden
32%
11,628 Sankt Johann im Pongau
32%
9,875 Sankt Johann in Tirol
32%
12,674 Ried im Innkreis
31%
25,171 Traun
31%
10,751 Bischofshofen
30%
16,949 Tulln an der Donau
30%
14,170 Bad Ischl
29%
22,080 Kapfenberg
29%
13,362 Leibnitz
29%
12,264 Sankt Veit an der Glan
29%
14,487 Wörgl
29%
14,427 Feldkirchen in Kärnten
28%
11,108 Imst
28%
9,691 Judenburg
28%
29,096 Leonding
28%
14,394 Schwaz
27%
12,803 Vöcklabruck
27%
13,719 Korneuburg
26%
17,273 Saalfelden am Steinernen Meer
26%
10,766 Zwettl-Niederösterreich
25%
11,753 Deutschlandsberg
23%
12,265 Enns
23%
10,956 Völkermarkt
23%
16,244 Telfs
22%
11,124 Waidhofen an der Ybbs
22%
12,036 Mistelbach
21%
16,999 Stockerau
21%
11,993 Weiz
21%
12,442 Bad Vöslau
20%
12,379 Hollabrunn
20%
19,209 Traiskirchen
20%
12,133 Gänserndorf
19%
17,319 Hohenems
19%
12,894 Neunkirchen
19%
18,251 Ansfelden
18%
13,787 Hard
18%
12,719 Knittelfeld
18%
9,841 Sankt Andrä
18%
11,570 Seekirchen am Wallersee
18%
11,525 Gleisdorf
17%
13,515 Feldbach
16%
12,172 Rankweil
16%
9,617 Voitsberg
16%
9,628 Wiener Neudorf
16%
11,931 Gerasdorf bei Wien
15%
14,909 Perchtoldsdorf
15%
9,459 Perg
15%
9,959 Purkersdorf
15%
14,753 Ternitz
15%
12,301 Brunn am Gebirge
14%
12,231 Götzis
14%
12,082 Groß-Enzersdorf
14%
9,601 Köflach
14%
10,531 Lauterach
14%
14,724 Marchtrenk
14%
11,007 Trofaiach
14%
9,733 Laakirchen
13%
9,426 Rum
13%
12,006 Strasshof an der Nordbahn
13%
11,978 Ebreichsdorf
12%
14,374 Wals-Siezenheim
12%
10,076 Altmünster
11%
9,402 Finkenstein am Faaker See
10%
9,787 Sierning
10%
12,258 Seiersberg-Pirka
8%
12,879 Gratwein-Straßengel
7%
No matching quizzes found
Score Distribution
Percent of People with Each Score
Percentile by Number Answered
Your Score History
You have not taken this quiz